Podział administracyjny Albanii - Statystyki

Ogólne statystyki
  • Ten quiz został rozwiązany 9 razy
  • Średni wynik to 6 z 12
Statystyki odpowiedzi
Obwód % Poprawnych
Tirana
100%
Durrës
67%
Elbasan
50%
Kukës
50%
Lezha
50%
Szkodra
50%
Berat
33%
Dibra
33%
Fier
33%
Gjirokastra
33%
Korcza
33%
Wlora
33%
Nie znaleziono quizów pasujących do podanych kryteriów
Rozkład punktacji
Procent ludzi z każdym wynikiem
Percentyl według liczby udzielonych odpowiedzi
Twoja historia wyników
Nie rozwiązałeś tego quizu